TF2 Pyro Weapons - Statistics

General Stats
  • This quiz has been taken 24 times
  • The average score is 13 of 21
Answer Stats
Hint Answer % Correct
Primary Backburner
89%
Secondary Flare Gun
89%
Secondary Scorch Shot
79%
Primary Degreaser
74%
Secondary Detonator
74%
Melee Fire Axe
74%
Primary Phlogistinator
74%
Secondary Shotgun
74%
Primary Dragon’s Fury
68%
Secondary Gas Passer
63%
Secondary Manmelter
63%
Melee Axtinguisher
58%
Primary Rainblower
58%
Secondary Panic Attack
53%
Melee Powerjack
53%
Secondary Thermal Thruster
53%
Secondary Reserve Shooter
47%
Melee Sharpened Volcano Fragment
47%
Primary Stock
37%
Melee Back Scratcher
32%
Melee Lollichop
21%
No matching quizzes found
Score Distribution
Percent of People with Each Score
Percentile by Number Answered
Your Score History
You have not taken this quiz